UITU Library & LRC     

My University (Record no. 18483)

MARC details
000 -LEADER
fixed length control field 00262nam a2200121Ia 4500
008 - FIXED-LENGTH DATA ELEMENTS--GENERAL INFORMATION
fixed length control field 241002s9999 xx 000 0 und d
082 ## - DEWEY DECIMAL CLASSIFICATION NUMBER
Classification number 921.7 GOR
100 ## - MAIN ENTRY--PERSONAL NAME
Personal name Gorky, M.
245 #0 - TITLE STATEMENT
Title My University
260 ## - PUBLICATION, DISTRIBUTION, ETC.
Place of publication, distribution, etc. Mascow
Date of publication, distribution, etc. 1953
600 ## - SUBJECT ADDED ENTRY--PERSONAL NAME
Personal name History
942 ## - ADDED ENTRY ELEMENTS (KOHA)
Koha item type Usman Collection
Holdings
Withdrawn status Lost status Damaged status Not for loan Home library Current library Date acquired Total checkouts Full call number Barcode Date last seen Price effective from Koha item type
        UITU Library UITU Library 01/01/1994   921.7 GOR UC156 10/02/2024 10/02/2024 Usman Collection

Powered by Koha